The Responsibility Revolution: how the next generation of businesses will win (Record no. 4622)

MARC details
000 -LEADER
fixed length control field 00612nam a22002057a 4500
003 - CONTROL NUMBER IDENTIFIER
control field OSt
005 - DATE AND TIME OF LATEST TRANSACTION
control field 20160704151803.0
008 - FIXED-LENGTH DATA ELEMENTS--GENERAL INFORMATION
fixed length control field 160704b xxu||||| |||| 00| 0 eng d
020 ## - INTERNATIONAL STANDARD BOOK NUMBER
International Standard Book Number 9780470558423
040 ## - CATALOGING SOURCE
Transcribing agency DDC
082 ## - DEWEY DECIMAL CLASSIFICATION NUMBER
Classification number 658.4 HOL 2010
100 ## - MAIN ENTRY--PERSONAL NAME
Personal name Hollender, Jeffrey; Breen, Bill
9 (RLIN) 9932
245 ## - TITLE STATEMENT
Title The Responsibility Revolution: how the next generation of businesses will win
260 ## - PUBLICATION, DISTRIBUTION, ETC. (IMPRINT)
Place of publication, distribution, etc. New Jersey; Jossey-Bass, 2010
300 ## - PHYSICAL DESCRIPTION
Extent xix,214p; ill: 23.5cm
504 ## - BIBLIOGRAPHY, ETC. NOTE
Bibliography, etc Index included
650 ## - SUBJECT ADDED ENTRY--TOPICAL TERM
Topical term or geographic name as entry element Business management
9 (RLIN) 6027
650 ## - SUBJECT ADDED ENTRY--TOPICAL TERM
Topical term or geographic name as entry element Responsibility Revolution
9 (RLIN) 9933
942 ## - ADDED ENTRY ELEMENTS (KOHA)
Source of classification or shelving scheme Other/Generic Classification Scheme
Koha item type Open Shelf
Holdings
Withdrawn status Lost status Source of classification or shelving scheme Damaged status Not for loan Home library Current library Date acquired Source of acquisition Inventory number Total Checkouts Full call number Barcode Date last seen Koha item type
    Dewey Decimal Classification     MUST Main Library MUST Main Library 04/07/2016   15/38784   658.4 HOL 2010 2016-2978 04/07/2016 Open Shelf
    Dewey Decimal Classification     MUST Main Library MUST Main Library 08/12/2016   14/38586   658.4 HOL 2010 2016-5012 08/12/2016 Open Shelf